[Event "Warsaw Maciei Memorial"]
[Site "Warsaw"]
[Date "2025.07.07"]
[Round "6"]
[White "Fridman, Daniel"]
[Black "Malek, Jan"]
[Result "1-0"]
[WhiteElo "2581"]
[BlackElo "2499"]
[PlyCount "80"]
[EventDate "2025.07.07"]
[EventType "swiss (blitz)"]
[EventRounds "11"]
[EventCountry "POL"]
[SourceTitle "CB28_2025"]
[SourceDate "2025.07.09"]
[SourceVersion "1"]
[SourceVersionDate "2025.07.09"]
[SourceQuality "1"]

1. Nf3 Nf6 2. g3 d5 3. Bg2 e6 4. 0-0 Nc6 5. d4 Bd6 6. Nbd2 0-0 7. c4 b6 8. b3 Bb7 9. Bb2 Ne4 10. e3 f5 11. a3 a5 12. Qc2 Qf6 13. c5 Be7 14. Ne5 Nxe5 15. dxe5 Qh6 16. cxb6 Nxd2 17. Qxd2 cxb6 18. Bd4 Bc5 19. Rfc1 Rfc8 20. b4 axb4 21. axb4 Rxa1 22. Bxa1 Bf8 23. Rxc8 Bxc8 24. Bd4 b5 25. Qc3 Bd7 26. Qc7 Be8 27. Bc5 Qh5 28. Qc8 Kf7 29. Bxf8 Kxf8 30. Qxe6 d4 31. Qd6+ Kg8 32. Qxd4 h6 33. h4 Kh7 34. e6 Qg6 35. Bd5 h5 36. Qe5 Qg4 37. Kg2 Kg6 38. e4 fxe4 39. Bxe4+ Kh6 40. e7 Bf7 1-0

[Event "Warsaw Maciei Memorial"]
[Site "Warsaw"]
[Date "2025.07.07"]
[Round "4"]
[White "Jedynak, Radoslaw"]
[Black "Malek, Jan"]
[Result "1-0"]
[WhiteElo "2348"]
[BlackElo "2499"]
[PlyCount "89"]
[EventDate "2025.07.07"]
[EventType "swiss (blitz)"]
[EventRounds "11"]
[EventCountry "POL"]
[SourceTitle "CB28_2025"]
[SourceDate "2025.07.09"]
[SourceVersion "1"]
[SourceVersionDate "2025.07.09"]
[SourceQuality "1"]

1. d4 Nf6 2. Nf3 c5 3. e3 e6 4. Be2 Be7 5. 0-0 b6 6. b3 Bb7 7. Bb2 0-0 8. Nbd2 Na6 9. c4 Nc7 10. Qc2 Rc8 11. Rac1 cxd4 12. Nxd4 d5 13. Bf3 e5 14. Nf5 e4 15. Be2 Ne6 16. Qb1 dxc4 17. Nxc4 Nc5 18. Rfd1 Qe8 19. Nfd6 Bxd6 20. Nxd6 Qe6 21. Nxc8 Bxc8 22. Ba3 Bb7 23. Bxc5 bxc5 24. Rxc5 Qb6 25. Qc1 h6 26. Rd2 Nh7 27. Rb5 Qa6 28. Rc5 Qg6 29. h4 Qf6 30. g3 Qe6 31. Qd1 Nf6 32. Rd8 Rxd8 33. Qxd8+ Kh7 34. Qc7 Bd5 35. Qf4 g6 36. Rc7 Kg7 37. Rxa7 Qb6 38. Qc7 Qb4 39. Qc1 Be6 40. Rc7 Qd6 41. Rc6 Qd7 42. Qc3 Kh7 43. Rc7 Qd8 44. Rc6 Bg4 45. Qxf6 1-0

[Event "Warsaw Maciei Memorial"]
[Site "Warsaw"]
[Date "2025.07.07"]
[Round "1"]
[White "Malek, Jan"]
[Black "Dzida, Kamil"]
[Result "1-0"]
[WhiteElo "2499"]
[BlackElo "2400"]
[PlyCount "115"]
[EventDate "2025.07.07"]
[EventType "swiss (blitz)"]
[EventRounds "11"]
[EventCountry "POL"]
[SourceTitle "CB28_2025"]
[SourceDate "2025.07.09"]
[SourceVersion "1"]
[SourceVersionDate "2025.07.09"]
[SourceQuality "1"]

1. d4 Nf6 2. Bg5 e6 3. e4 h6 4. Bxf6 Qxf6 5. Nc3 Qd8 6. Qd2 d5 7. 0-0-0 Be7 8. Nf3 c6 9. Bd3 Nd7 10. Kb1 b5 11. Rhe1 0-0 12. g4 b4 13. Ne2 Nf6 14. e5 Ne4 15. Qe3 Qa5 16. Bxe4 dxe4 17. Qxe4 Ba6 18. b3 c5 19. Nf4 c4 20. d5 c3 21. Ka1 Bb7 22. Qd3 Qa3 23. Rb1 a5 24. Nd4 Ba6 25. Qd1 a4 26. Qc1 Qxc1 27. Rbxc1 Bc5 28. Rcd1 axb3 29. Nxb3 Bc4 30. Re4 exd5 31. Nxd5 Bxb3 32. cxb3 c2 33. Rc1 Rfd8 34. Nxb4 Rd1 35. Kb2 Bxb4 36. Rxb4 Rxa2+ 37. Kxa2 Rxc1 38. Kb2 Rf1 39. Kxc2 Rxf2+ 40. Kd3 Rxh2 41. Rf4 Rb2 42. b4 Rb1 43. Kc4 f6 44. exf6 gxf6 45. Rxf6 Kg7 46. Rf4 Kg6 47. Kc5 Kg5 48. Rc4 Rg1 49. b5 Rxg4 50. Rxg4+ Kxg4 51. b6 h5 52. b7 h4 53. b8Q h3 54. Qh2 Kh4 55. Kd4 Kg4 56. Ke4 Kh4 57. Kf5 Kh5 58. Qxh3# 1-0

[Event "Warsaw Maciei Memorial"]
[Site "Warsaw"]
[Date "2025.07.07"]
[Round "8"]
[White "Malek, Jan"]
[Black "Fernandez, Daniel Howard"]
[Result "0-1"]
[WhiteElo "2499"]
[BlackElo "2481"]
[PlyCount "52"]
[EventDate "2025.07.07"]
[EventType "swiss (blitz)"]
[EventRounds "11"]
[EventCountry "POL"]
[SourceTitle "CB28_2025"]
[SourceDate "2025.07.09"]
[SourceVersion "1"]
[SourceVersionDate "2025.07.09"]
[SourceQuality "1"]

1. e4 c5 2. Nf3 d6 3. d4 cxd4 4. Nxd4 Nf6 5. Nc3 Nc6 6. Bc4 Bd7 7. Nxc6 Bxc6 8. Qe2 g6 9. Bg5 Bg7 10. 0-0-0 0-0 11. e5 Qa5 12. Bxf6 exf6 13. exd6 f5 14. Nd5 Qc5 15. Bb3 a5 16. a4 Kh8 17. Ne7 Bxg2 18. Rhg1 Be4 19. f3 Bc6 20. f4 Be4 21. Rg3 Rad8 22. Qd2 b5 23. axb5 Qxb5 24. Qe1 a4 25. c4 Qb8 26. Rxg6 fxg6 0-1

[Event "Warsaw Maciei Memorial"]
[Site "Warsaw"]
[Date "2025.07.07"]
[Round "3"]
[White "Malek, Jan"]
[Black "Vetoshko, Volodymyr"]
[Result "0-1"]
[WhiteElo "2499"]
[BlackElo "2517"]
[PlyCount "152"]
[EventDate "2025.07.07"]
[EventType "swiss (blitz)"]
[EventRounds "11"]
[EventCountry "POL"]
[SourceTitle "CB28_2025"]
[SourceDate "2025.07.09"]
[SourceVersion "1"]
[SourceVersionDate "2025.07.09"]
[SourceQuality "1"]

1. c4 e6 2. Nc3 d5 3. d4 Nf6 4. cxd5 exd5 5. Bg5 Bb4 6. e3 h6 7. Bxf6 Qxf6 8. Qb3 Qd6 9. a3 Bxc3+ 10. Qxc3 Bf5 11. Qb4 Qb6 12. Ne2 Nc6 13. Qxb6 axb6 14. Nc3 Ne7 15. f3 c6 16. h4 b5 17. Rc1 h5 18. Kf2 Kd7 19. Be2 Bg6 20. e4 Kd6 21. Rhe1 Rhe8 22. g3 f6 23. Bxb5 cxb5 24. Nxb5+ Kd7 25. Nc7 dxe4 26. fxe4 Nc6 27. Nxa8 Rxa8 28. Ke3 Re8 29. Kf4 Kd6 30. e5+ fxe5+ 31. dxe5+ Ke6 32. Rcd1 Rf8+ 33. Kg5 Bc2 34. Rd6+ Ke7 35. Kxh5 Rf5+ 36. Kg4 Nxe5+ 37. Rxe5+ Rxe5 38. Rd2 Bb3 39. Rd4 Re2 40. Rb4 Bd5 41. Kf4 Bc6 42. g4 Rf2+ 43. Kg5 Rf6 44. h5 Rd6 45. Kf5 Kf7 46. a4 Rd5+ 47. Kf4 Ra5 48. b3 Rd5 49. g5 Rd1 50. Ke5 Rd5+ 51. Kf4 Rd3 52. Ke5 Re3+ 53. Kf4 Re1 54. Kf5 Rf1+ 55. Ke5 Rh1 56. Rf4+ Ke7 57. h6 gxh6 58. g6 Re1+ 59. Kd4 Rg1 60. Rf7+ Ke6 61. Rh7 Rxg6 62. a5 Rg4+ 63. Kc5 Rg5+ 64. Kb6 Rb5+ 65. Kc7 Rxa5 66. Rxh6+ Ke7 67. Rh7+ Kf8 68. Rh4 Rb5 69. b4 Ke7 70. Rd4 Ke6 71. Rh4 Kf6 72. Rf4+ Kg5 73. Rd4 Rd5 74. Rc4 Rf5 75. Rd4 Rf7+ 76. Kb8 Rf4 0-1

[Event "Warsaw Maciei Memorial"]
[Site "Warsaw"]
[Date "2025.07.07"]
[Round "7"]
[White "Malek, Jan"]
[Black "Zawadzka, Jolanta"]
[Result "1-0"]
[WhiteElo "2499"]
[BlackElo "2330"]
[PlyCount "59"]
[EventDate "2025.07.07"]
[EventType "swiss (blitz)"]
[EventRounds "11"]
[EventCountry "POL"]
[SourceTitle "CB28_2025"]
[SourceDate "2025.07.09"]
[SourceVersion "1"]
[SourceVersionDate "2025.07.09"]
[SourceQuality "1"]

1. d4 d5 2. c4 e6 3. Nc3 a6 4. cxd5 exd5 5. Nf3 Nf6 6. g3 Be7 7. Bg2 0-0 8. 0-0 c6 9. Bf4 Bf5 10. Qb3 Qc8 11. Rac1 Nbd7 12. Ne5 Be6 13. Nd3 b5 14. Qc2 Nb6 15. Nb1 Bd7 16. Ne5 Nc4 17. Nxd7 Qxd7 18. b3 Nd6 19. Qxc6 Qe6 20. Qc2 a5 21. Nc3 a4 22. bxa4 bxa4 23. Nxa4 Nc4 24. Nc3 Rfc8 25. Qd3 Bb4 26. Nxd5 Nxd5 27. Rxc4 Nxf4 28. Rxc8+ Qxc8 29. gxf4 Rxa2 30. Qb3 1-0

[Event "Sharjah Masters-A 8th"]
[Site "Sharjah"]
[Date "2025.05.25"]
[Round "9"]
[White "Vakhidov, Jahongir"]
[Black "Malek, Jan"]
[Result "1-0"]
[WhiteElo "2546"]
[BlackElo "2511"]
[PlyCount "87"]
[EventDate "2025.05.17"]
[EventType "swiss"]
[EventRounds "9"]
[EventCountry "UAE"]
[SourceTitle "CB22_2025"]
[SourceDate "2025.05.28"]
[SourceVersion "1"]
[SourceVersionDate "2025.05.28"]
[SourceQuality "1"]

1. d4 Nf6 2. c4 e6 3. Nc3 d5 4. Nf3 Bb4 5. e3 0-0 6. Bd2 b6 7. cxd5 exd5 8. Rc1 c5 9. Be2 c4 10. 0-0 Bxc3 11. Bxc3 b5 12. a4 a6 13. Ne5 Qd6 14. f3 Nc6 15. b3 Be6 16. bxc4 bxc4 17. Qd2 Rfd8 18. Bd1 Nd7 19. Nxc6 Qxc6 20. Ba5 Rdc8 21. e4 Rab8 22. Bc2 Nb6 23. e5 g6 24. Qg5 Qd7 25. g4 c3 26. f4 Nc4 27. f5 Nxa5 28. fxe6 fxe6 29. Bxg6 Qg7 30. Rf6 Kh8 31. Qh4 Rg8 32. Rxc3 Qa7 33. g5 Rb7 34. Kh1 Qb8 35. Rcf3 Rxg6 36. Rf8+ Qxf8 37. Rxf8+ Kg7 38. Rf1 Kh8 39. Qf4 Rbg7 40. h4 Nc6 41. Qf8+ Rg8 42. Qc5 Nd8 43. Rf8 h6 44. Qe7 1-0

[Event "EU-ch 25th"]
[Site "Eforie Nord"]
[Date "2025.03.18"]
[Round "4"]
[White "Kourkoulos Arditis, Stamatis"]
[Black "Malek, Jan"]
[Result "1-0"]
[WhiteElo "2580"]
[BlackElo "2504"]
[PlyCount "97"]
[EventDate "2025.03.15"]
[EventType "swiss"]
[EventRounds "11"]
[EventCountry "ROU"]
[SourceTitle "CB13_2025"]
[SourceDate "2025.03.26"]
[SourceVersion "1"]
[SourceVersionDate "2025.03.26"]
[SourceQuality "1"]

1. e4 e5 2. Nf3 Nc6 3. Bb5 a6 4. Ba4 Nf6 5. 0-0 Be7 6. d3 b5 7. Bb3 d6 8. a4 Bd7 9. Bd2 0-0 10. h3 h6 11. Re1 Re8 12. Nc3 Na5 13. Ba2 b4 14. Nd5 Nxd5 15. exd5 Rb8 16. Re4 c5 17. dxc6 Nxc6 18. Bd5 Qa5 19. Bb3 Bf5 20. Re1 Bf6 21. Be3 d5 22. Nh2 Bg6 23. Ng4 Bg5 24. Qf3 e4 25. dxe4 dxe4 26. Qg3 Kh8 27. Rad1 Rbd8 28. Rd6 Qc7 29. Red1 Be7 30. R6d5 Qxg3 31. fxg3 f5 32. Nf2 Bg5 33. Rxd8 Rxd8 34. Rxd8+ Nxd8 35. Bc5 Bd2 36. Nd1 Nb7 37. Be3 Bxe3+ 38. Nxe3 Nc5 39. Kf2 Bh7 40. a5 g5 41. Nd5 Bg8 42. Nxb4 Bxb3 43. cxb3 f4 44. gxf4 gxf4 45. Nd5 Nxb3 46. Nxf4 Nxa5 47. Ne6 Kg8 48. Nc5 Kf7 49. Nxe4 1-0

[Event "Titled Tuesday intern op 04th Feb Early"]
[Site "Chess.com INT"]
[Date "2025.02.04"]
[Round "4"]
[White "Malek, Jan"]
[Black "Sarana, Alexey"]
[Result "0-1"]
[WhiteElo "2504"]
[BlackElo "2672"]
[PlyCount "86"]
[EventDate "2025.02.04"]
[EventType "swiss (blitz)"]
[EventRounds "11"]
[EventCountry "USA"]
[SourceTitle "CB07_2025"]
[SourceDate "2025.02.12"]
[SourceVersion "1"]
[SourceVersionDate "2025.02.12"]
[SourceQuality "1"]

1. d4 Nf6 2. Bg5 d5 3. e3 c5 4. Bxf6 exf6 5. dxc5 Bxc5 6. Nf3 Nc6 7. Be2 Qb6 8. Qc1 Bg4 9. 0-0 0-0 10. Nc3 Qd8 11. Rd1 Be6 12. a3 a6 13. Qd2 Ne7 14. Nd4 Qc7 15. Bf3 Rad8 16. Nce2 Ng6 17. Ng3 Ne5 18. Be2 g6 19. Qc3 Rc8 20. Rac1 Kg7 21. Nb3 Ba7 22. Qxc7 Rxc7 23. Nd4 f5 24. Nf1 h5 25. Nd2 h4 26. h3 Kf6 27. N2f3 g5 28. Nxe5 Kxe5 29. Nf3+ Kf6 30. c3 Rh8 31. Nh2 Rg8 32. Nf3 Rcc8 33. Kh2 Rh8 34. Nd4 Rhg8 35. f4 Bb8 36. Rf1 g4 37. hxg4 fxg4 38. g3 Rh8 39. Nxe6 fxe6 40. Rh1 e5 41. gxh4 exf4 42. Bxg4 Rxh4+ 43. Bh3 Rg8 0-1

[Event "Titled Tuesday intern op 28th Jan Early"]
[Site "Chess.com INT"]
[Date "2025.01.28"]
[Round "4"]
[White "Korobov, Anton"]
[Black "Malek, Jan"]
[Result "1-0"]
[WhiteElo "2627"]
[BlackElo "2500"]
[PlyCount "61"]
[EventDate "2025.01.28"]
[EventType "swiss (blitz)"]
[EventRounds "11"]
[EventCountry "USA"]
[SourceTitle "CB06_2025"]
[SourceDate "2025.02.05"]
[SourceVersion "1"]
[SourceVersionDate "2025.02.05"]
[SourceQuality "1"]

1. c4 Nf6 2. Nc3 g6 3. e4 d6 4. d4 Bg7 5. Be2 0-0 6. Bg5 e5 7. dxe5 dxe5 8. Qxd8 Rxd8 9. Nd5 Nbd7 10. Nxc7 Rb8 11. f3 h6 12. Be3 b6 13. Nd5 Bf8 14. Nh3 Ba6 15. Nf2 Rbc8 16. b3 Nxd5 17. exd5 Bb4+ 18. Bd2 Bxd2+ 19. Kxd2 b5 20. cxb5 Bb7 21. Rhc1 Nb6 22. Rxc8 Bxc8 23. Rd1 Rxd5+ 24. Ke1 Rc5 25. Ne4 Rc2 26. a4 Be6 27. a5 Nd5 28. Rxd5 Bxd5 29. Nf6+ Kf8 30. Nxd5 Rc5 31. Bc4 1-0

[Event "Titled Tuesday intern op 28th Jan Early"]
[Site "Chess.com INT"]
[Date "2025.01.28"]
[Round "3"]
[White "Shinkarev, M."]
[Black "Malek, Jan"]
[Result "0-1"]
[WhiteElo "2128"]
[BlackElo "2500"]
[PlyCount "98"]
[EventDate "2025.01.28"]
[EventType "swiss (blitz)"]
[EventRounds "11"]
[EventCountry "USA"]
[SourceTitle "CB06_2025"]
[SourceDate "2025.02.05"]
[SourceVersion "1"]
[SourceVersionDate "2025.02.05"]
[SourceQuality "1"]

1. c4 Nf6 2. d4 g6 3. g3 Bg7 4. Bg2 0-0 5. Nc3 d6 6. e3 Nbd7 7. Nge2 e5 8. 0-0 a5 9. Rb1 Nb6 10. b3 Qe7 11. h3 c6 12. Ba3 Rd8 13. dxe5 Qxe5 14. Qd2 Bf5 15. Rbd1 Ne4 16. Nxe4 Bxe4 17. Bxd6 Bxg2 18. Kxg2 Qe4+ 19. f3 Qe8 20. e4 Nc8 21. c5 Nxd6 22. cxd6 Be5 23. Qc2 Bxd6 24. Rd3 Bc7 25. Rfd1 Rxd3 26. Rxd3 h5 27. Qd2 h4 28. Rd7 Rc8 29. Qd4 hxg3 30. Nxg3 Be5 31. Qd3 b5 32. Ne2 c5 33. f4 c4 34. bxc4 bxc4 35. Qd5 Bg7 36. e5 c3 37. Kf3 c2 38. Nc1 Bf8 39. Qd2 Ba3 40. Rd3 Qc6+ 41. Kg3 Bxc1 42. Qxc1 Qe4 43. Rf3 Qe2 44. e6 Qd1 45. exf7+ Kxf7 46. Rf1 Qxf1 47. Qxf1 c1Q 48. Qb5 Rc3+ 49. Kh4 Qxf4# 0-1

[Event "Bialystok Zamenhof Memorial 43rd"]
[Site "Bialystok"]
[Date "2024.12.29"]
[Round "5"]
[White "Malek, Jan"]
[Black "Lewtak, Damian"]
[Result "1-0"]
[WhiteElo "2498"]
[BlackElo "2359"]
[PlyCount "49"]
[EventDate "2024.12.27"]
[EventType "swiss"]
[EventRounds "9"]
[EventCountry "POL"]
[SourceTitle "CB02_2025"]
[SourceDate "2025.01.08"]
[SourceVersion "1"]
[SourceVersionDate "2025.01.08"]
[SourceQuality "1"]

1. e4 c5 2. Nf3 d6 3. d4 cxd4 4. Nxd4 Nf6 5. Nc3 a6 6. Bg5 Nbd7 7. a3 h6 8. Bxf6 Nxf6 9. Bc4 e6 10. Qe2 b5 11. Ba2 Qb6 12. 0-0-0 Bb7 13. Nxe6 fxe6 14. Bxe6 Bc8 15. Bb3 Ng4 16. Rhf1 Ne5 17. h3 Bb7 18. f4 Nc4 19. Bxc4 bxc4 20. Qxc4 Be7 21. Qe6 Rc8 22. e5 Kf8 23. Rfe1 Rd8 24. exd6 Bxd6 25. Re5 1-0

[Event "EU-ch 24th"]
[Site "Petrovac"]
[Date "2024.11.15"]
[Round "7"]
[White "Hakobyan, Aram"]
[Black "Malek, Jan"]
[Result "1-0"]
[WhiteElo "2623"]
[BlackElo "2499"]
[PlyCount "97"]
[EventDate "2024.11.08"]
[EventType "swiss"]
[EventRounds "11"]
[EventCountry "MNE"]
[SourceTitle "CB47_2024"]
[SourceDate "2024.11.20"]
[SourceVersion "1"]
[SourceVersionDate "2024.11.20"]
[SourceQuality "1"]

1. e4 e5 2. Nf3 Nc6 3. Bc4 Bc5 4. c3 d6 5. d4 exd4 6. cxd4 Bb6 7. Bb5 Bd7 8. Nc3 Nge7 9. 0-0 0-0 10. h3 h6 11. a4 a5 12. Re1 Nb4 13. Bf4 d5 14. e5 Bf5 15. Rc1 Ng6 16. Bg3 c6 17. Bf1 f6 18. Re3 fxe5 19. Nxe5 Qf6 20. Ne2 Rae8 21. Rcc3 Kh7 22. Rf3 Nh4 23. Rf4 Ng6 24. Nd7 Bxd7 25. Rxf6 Rxf6 26. Qd2 Kg8 27. h4 Re4 28. h5 Nf8 29. Re3 Rxe3 30. Qxe3 Ne6 31. Be5 Rf7 32. Qd2 c5 33. Nc1 Nc6 34. Bb5 Nxe5 35. dxe5 Bc6 36. Qe3 Rf4 37. Bxc6 bxc6 38. Qh3 Kf7 39. Ne2 Re4 40. Qf5+ Ke7 41. Ng3 Re1+ 42. Kh2 c4 43. Qg6 Rxe5 44. Nf5+ Kd8 45. f4 Re2 46. Nxg7 Nxf4 47. Qd6+ Kc8 48. Qxc6+ Bc7 49. Ne8 1-0

[Event "EU-ch 24th"]
[Site "Petrovac"]
[Date "2024.11.13"]
[Round "6"]
[White "Malek, Jan"]
[Black "Fressinet, Laurent"]
[Result "1-0"]
[WhiteElo "2499"]
[BlackElo "2605"]
[PlyCount "137"]
[EventDate "2024.11.08"]
[EventType "swiss"]
[EventRounds "11"]
[EventCountry "MNE"]
[SourceTitle "CB47_2024"]
[SourceDate "2024.11.20"]
[SourceVersion "1"]
[SourceVersionDate "2024.11.20"]
[SourceQuality "1"]

1. e4 e5 2. Nf3 Nc6 3. d4 exd4 4. Nxd4 Nf6 5. Nxc6 bxc6 6. e5 Qe7 7. Qe2 Nd5 8. h4 d6 9. c4 Nb6 10. exd6 Qxe2+ 11. Bxe2 Bxd6 12. Nc3 0-0 13. Be3 Be5 14. Rc1 a5 15. b3 a4 16. 0-0 axb3 17. axb3 Rd8 18. Bf3 Bd7 19. Rfd1 Be8 20. Ne2 Rxd1+ 21. Rxd1 h6 22. g3 Rb8 23. Kg2 Bf6 24. Bf4 Nc8 25. Nd4 c5 26. Bxc7 Rb4 27. Ba5 Rb8 28. Bc7 Rb4 29. Re1 Kf8 30. Nb5 Rxb3 31. Na7 Ne7 32. Bd6 Bd7 33. Bd5 Ra3 34. Rb1 Rxa7 35. Rb8+ Be8 36. Bc6 g6 37. Rxe8+ Kg7 38. Bb5 Nf5 39. Bf8+ Kh7 40. Bxc5 Ra2 41. Rf8 Kg7 42. Be8 Ra7 43. Bxa7 Kxf8 44. Bd7 Bd4 45. Bb8 h5 46. Kf3 Ke7 47. Bxf5 gxf5 48. Kf4 Kf6 49. f3 Bc5 50. Bc7 Be7 51. Be5+ Ke6 52. Bb8 f6 53. g4 fxg4 54. fxg4 hxg4 55. Kxg4 f5+ 56. Kh3 Bf8 57. Bf4 Kd7 58. h5 Kc6 59. Be3 Kd6 60. Bd4 Bh6 61. Kg3 Kc6 62. Kf3 Kd6 63. Be3 Bf8 64. Bd4 Bh6 65. Ke2 Ke6 66. Kd3 Bg5 67. Bc3 Bh6 68. Bd2 Bf8 69. h6 1-0